| 000 | 00341nam a2200145Ia 4500 | ||
|---|---|---|---|
| 005 | 20251222153533.0 | ||
| 008 | 251222s9999||||xx |||||||||||||| ||spa|| | ||
| 020 | _a9788499251677 | ||
| 082 | _a260/B45 | ||
| 100 | _aSanto Padre, Francisco | ||
| 245 | 0 | _aCarta EncĂclica Laudato Si | |
| 250 | _a1ra .ed | ||
| 264 | _bEDICEP | ||
| 942 | _cLIB | ||
| 999 |
_c30168 _d30168 |
||